[Event "TCh-CHN 2019"]
[Site "China CHN"]
[Date "2019.04.10"]
[Round "2.5"]
[Board "5"]
[White "Guramishvili, Sopiko"]
[Black "Li, Ruofan"]
[Result "1/2-1/2"]
[WhiteTitle "IM"]
[BlackTitle "IM"]
[WhiteElo "2381"]
[BlackElo "2335"]
[WhiteTeam "Guangdong Shenzhen Longgang Chess team"]
[BlackTeam "Hangzhou Bank Team"]
[WhiteFideId "13602888"]
[BlackFideId "8600643"]
[EventDate "2019.04.09"]

1. c4 e6 2. Nf3 Nf6 3. b3 d5 4. Bb2 Be7 5. e3 O-O 6. Nc3 b6 7. cxd5 exd5 8. d4
c5 9. Bd3 Bb7 10. O-O Nbd7 11. Ne5 cxd4 12. exd4 Ne4 13. Qe2 Nxc3 14. Bxc3 Rc8
15. Bd2 Nxe5 16. dxe5 Qd7 17. Rae1 Qe6 18. Qh5 g6 19. Qh6 f5 20. exf6 Qxf6 21.
Re2 Bc5 22. b4 Bd4 23. Bg5 Qg7 24. Rfe1 Qxh6 25. Bxh6 Bg7 26. Bxg7 Kxg7 27. f3
Rf7 28. Kf2 Rc3 29. Rd2 Rfc7 30. h4 Kf7 31. h5 Kg7 32. hxg6 hxg6 33. Re6 Kf7 34.
Rd6 g5 35. Kg3 Kf8 36. Rd8+ Kf7 37. Rh8 Bc8 38. Rd1 Be6 39. Re1 R7c6 40. Bb5 Rd6
41. Rh7+ Kg6 42. Reh1 d4 43. R7h6+ Kf5 44. Re1 Re3 45. Rd1 d3 46. Kf2 Re2+ 47.
Kf1 Rb2 48. Rxd3 Rxd3 49. Bxd3+ Ke5 50. Rg6 g4 51. f4+ Kd4 52. Rxe6 Kxd3 53. a3
g3 54. Rd6+ Ke3 55. Re6+ Kxf4 56. Rf6+ Kg4 57. Rf3 Rb1+ 58. Ke2 Rg1 59. Rf7
Rxg2+ 60. Kf1 Rc2 61. Rxa7 Kf3 62. Rf7+ Ke3 63. Rg7 Kf3 64. Rf7+ Ke4 65. Rg7 g2+
66. Rxg2 Rxg2 67. Kxg2 b5 68. Kf2 Kd4 69. Ke2 Kc4 70. a4 bxa4 71. Kd2 1/2-1/2

[Event "TCh-CHN 2019"]
[Site "China CHN"]
[Date "2019.04.10"]
[Round "2.6"]
[Board "1"]
[White "Zeng, Chongsheng"]
[Black "Naiditsch, Arkadij"]
[Result "1-0"]
[WhiteTitle "GM"]
[BlackTitle "GM"]
[WhiteElo "2552"]
[BlackElo "2617"]
[WhiteTeam "Chongqing Sports lottery chess team"]
[BlackTeam "Chongqing Jiulongpo Yucai Chess team"]
[WhiteFideId "8603847"]
[BlackFideId "4650891"]
[EventDate "2019.04.09"]

1. e4 e5 2. Nf3 Nc6 3. Bc4 Bc5 4. c3 Nf6 5. d4 exd4 6. e5 d5 7. Bb5 Ne4 8. cxd4
Bb6 9. Nc3 O-O 10. Be3 Bg4 11. h3 Bh5 12. Qc2 Bg6 13. Qb3 Ne7 14. O-O c6 15. Bd3
Nd2 16. Bxd2 Bxd3 17. Rfe1 Nf5 18. Na4 Be4 19. Nxb6 Qxb6 20. Qxb6 axb6 21. g4
Bxf3 22. gxf5 Ra4 23. Bc3 f6 24. b3 Raa8 25. Bb4 Rf7 26. e6 Rc7 27. Rac1 Be4 28.
Rxe4 dxe4 29. d5 c5 30. Bd2 g5 31. Bc3 1-0

[Event "TCh-CHN 2019"]
[Site "China CHN"]
[Date "2019.04.10"]
[Round "2.6"]
[Board "3"]
[White "Zhou, Weiqi"]
[Black "Peng, Xiongjian"]
[Result "1-0"]
[WhiteTitle "GM"]
[WhiteElo "2592"]
[BlackElo "2489"]
[WhiteTeam "Chongqing Sports lottery chess team"]
[BlackTeam "Chongqing Jiulongpo Yucai Chess team"]
[WhiteFideId "8601674"]
[BlackFideId "8610550"]
[EventDate "2019.04.09"]

1. d4 d5 2. c4 c6 3. Nf3 Nf6 4. Nc3 dxc4 5. a4 Bf5 6. e3 e6 7. Bxc4 Bb4 8. O-O
O-O 9. Qe2 Nbd7 10. e4 Bg6 11. Bd3 Bh5 12. e5 Nd5 13. Nxd5 cxd5 14. Qe3 Be7 15.
Ng5 Bxg5 16. Qxg5 Qxg5 17. Bxg5 Nb8 18. Rfc1 Nc6 19. Be3 Rfc8 20. Bb5 a6 21.
Bxc6 Rxc6 22. Rxc6 bxc6 23. Rc1 Rc8 24. f3 Bg6 25. Rc3 Kf8 26. a5 Ke8 27. Rb3
Kd7 28. Rb6 Bd3 29. Bg5 c5 30. Rd6+ Kc7 31. dxc5 Rb8 32. b4 Bb5 33. h4 Bc6 34.
Bd2 Rd8 35. Bc3 h5 36. Kf2 Rg8 37. Bd2 Rd8 38. Kg3 Rxd6 39. cxd6+ Kd7 40. Be3 f6
41. Bd4 fxe5 42. Bxe5 d4 43. Bxd4 Kxd6 44. Kf4 g6 45. Kg5 Be8 46. Kf6 Kd5 47.
Bc3 Kc4 48. Be1 Kd5 49. g4 Kd4 50. g5 Ke3 51. b5 Bxb5 52. Kxg6 Be8+ 53. Kf6 e5
54. g6 Ba4 55. g7 Bb3 56. Kxe5 Kxf3 57. Kf6 Ke2 58. Bb4 Kf2 59. Ke7 Kg3 60. Be1+ 1-0

[Event "TCh-CHN 2019"]
[Site "China CHN"]
[Date "2019.04.10"]
[Round "2.6"]
[Board "4"]
[White "Zhang, Lanlin"]
[Black "Lei, Tingjie"]
[Result "0-1"]
[BlackTitle "GM"]
[WhiteElo "2173"]
[BlackElo "2483"]
[WhiteTeam "Chongqing Jiulongpo Yucai Chess team"]
[BlackTeam "Chongqing Sports lottery chess team"]
[WhiteFideId "8608032"]
[BlackFideId "8605114"]
[EventDate "2019.04.09"]

1. e4 c5 2. b3 Nc6 3. Bb2 d6 4. Bb5 Nf6 5. Nc3 a6 6. Bxc6+ bxc6 7. f4 g6 8. e5
dxe5 9. fxe5 Nd5 10. Ne4 Bf5 11. Qf3 Nb4 12. O-O-O Nxa2+ 13. Kb1 Nb4 14. Ne2 Qa5
15. g4 Bxe4 16. Qxe4 Bg7 17. h4 O-O 18. h5 Rfd8 19. Rhf1 Rd5 20. Nc1 Qc7 21. e6
f6 22. hxg6 h6 23. c3 Re5 24. Qf3 Nd5 25. c4 Nb4 26. Qf4 Rd8 27. d4 cxd4 28.
Rxd4 Rf8 29. Rdd1 Qa5 30. Bxe5 fxe5 31. Qe4 Rf4 32. Rxf4 exf4 33. Rd4 Bxd4 34.
Qxd4 Qg5 35. Qe4 Kg7 36. Ne2 Qxg6 37. Qxg6+ Kxg6 38. Nxf4+ Kg5 39. Ne2 Kxg4 40.
Kb2 h5 41. Kc3 c5 42. Kd2 h4 43. Ke3 Nc2+ 44. Kf2 Nd4 45. Nxd4 cxd4 46. b4 Kf5 0-1

[Event "TCh-CHN 2019"]
[Site "China CHN"]
[Date "2019.04.10"]
[Round "2.6"]
[Board "5"]
[White "Javakhishvili, Lela"]
[Black "Tan, Zhongyi"]
[Result "1-0"]
[WhiteTitle "IM"]
[BlackTitle "GM"]
[WhiteElo "2463"]
[BlackElo "2502"]
[WhiteTeam "Chongqing Jiulongpo Yucai Chess team"]
[BlackTeam "Chongqing Sports lottery chess team"]
[WhiteFideId "13601458"]
[BlackFideId "8603642"]
[EventDate "2019.04.09"]

1. d4 Nf6 2. c4 e6 3. Nc3 Bb4 4. e3 O-O 5. Bd3 d5 6. Ne2 dxc4 7. Bxc4 c5 8. a3
Bxc3+ 9. bxc3 Qc7 10. Ba2 Rd8 11. Bb2 Nc6 12. O-O b6 13. Rc1 Ba6 14. c4 Na5 15.
d5 Qe7 16. Re1 Bb7 17. e4 Nxe4 18. Nf4 Nd6 19. Qg4 Ne8 20. Re3 Qf8 21. Bb1 f5
22. Qh3 Nc7 23. Nxe6 Nxe6 24. Rxe6 Bc8 25. Bxf5 h6 26. Qg4 1-0

[Event "TCh-CHN 2019"]
[Site "China CHN"]
[Date "2019.04.11"]
[Round "3.1"]
[Board "1"]
[White "Nie, Xinyang"]
[Black "Liu, Qingnan"]
[Result "1/2-1/2"]
[BlackTitle "GM"]
[WhiteElo "2348"]
[BlackElo "2533"]
[WhiteTeam "Chongqing Jiulongpo Yucai Chess team"]
[BlackTeam "Shandong Jingzhi team"]
[WhiteFideId "8607222"]
[BlackFideId "8603294"]
[EventDate "2019.04.09"]

1. d4 d5 2. c4 e6 3. Nc3 a6 4. cxd5 exd5 5. Nf3 Nf6 6. Bg5 Be6 7. e3 Nbd7 8. Bd3
Bd6 9. O-O O-O 10. Rc1 h6 11. Bh4 c6 12. a3 Qc7 13. Bg3 Bxg3 14. hxg3 Ne8 15.
Na4 Nd6 16. Qc2 Nc4 17. Nc5 Nxc5 18. dxc5 Ne5 19. Nxe5 Qxe5 20. Qc3 Qg5 21. Qb4
Rab8 22. Qf4 Qxf4 23. gxf4 a5 24. Rfd1 f5 25. b4 axb4 26. axb4 Ra8 27. Ra1 d4
28. Rxa8 Rxa8 29. exd4 Ra4 30. Rb1 Ra2 31. d5 cxd5 32. b5 Kf7 33. Rc1 Ra3 34.
Be2 d4 35. c6 bxc6 36. Rxc6 d3 37. Bf3 Ke7 38. Rc7+ Kd8 39. Rc6 Kd7 40. b6 d2
41. b7 Rb3 42. Rc3 Rb1+ 43. Kh2 d1=Q 44. Bxd1 Rxb7 45. Bc2 Ke7 46. Rc5 Kf6 47.
Bd3 Rb4 48. g3 g5 49. fxg5+ hxg5 50. Bf1 Rb2 51. Kg1 Rb1 52. Kg2 g4 53. Bb5 Rb2
54. Ba6 Ke7 55. Rb5 Ra2 56. Bb7 Rd2 57. Kg1 Kd6 58. Bg2 Rd1+ 59. Kh2 Rd2 60. Kg1
Rd1+ 1/2-1/2

[Event "TCh-CHN 2019"]
[Site "China CHN"]
[Date "2019.04.11"]
[Round "3.1"]
[Board "3"]
[White "Peng, Xiongjian"]
[Black "Wen, Yang"]
[Result "0-1"]
[BlackTitle "GM"]
[WhiteElo "2489"]
[BlackElo "2586"]
[WhiteTeam "Chongqing Jiulongpo Yucai Chess team"]
[BlackTeam "Shandong Jingzhi team"]
[WhiteFideId "8610550"]
[BlackFideId "8602956"]
[EventDate "2019.04.09"]

1. e4 e5 2. Nf3 Nc6 3. Bb5 a6 4. Bxc6 dxc6 5. O-O Bd6 6. d4 exd4 7. Qxd4 f6 8.
Nbd2 Be6 9. Qc3 Ne7 10. Nc4 Bxc4 11. Qxc4 Qd7 12. Be3 O-O-O 13. b4 Rhe8 14. Qd4
b6 15. Qc4 Kb7 16. Nd4 Ng6 17. a4 Rxe4 18. b5 Bxh2+ 19. Kxh2 c5 20. bxa6+ Ka8
21. c3 Ne5 22. Qb5 cxd4 23. Bxd4 Nc6 24. Be3 Re5 25. Qe2 Qd3 26. Qg4 Qg6 27.
Qxg6 hxg6 28. Bf4 Re7 29. Rfe1 Rdd7 30. c4 g5 31. Rxe7 Rxe7 32. Be3 Ne5 33. c5
Ng4+ 34. Kg1 Nxe3 35. fxe3 Rxe3 36. Rd1 Re7 37. cxb6 cxb6 38. Rd5 Ka7 39. a5
Kxa6 40. axb6 Kxb6 41. Kf2 Kc6 42. Ra5 Kd6 43. Kf3 Rd7 44. g4 Rc7 45. Ra3 Kd5
46. Rd3+ Ke5 47. Re3+ Kd4 48. Re4+ Kd5 49. Re3 g6 50. Re8 Rc3+ 51. Kf2 Rc4 52.
Kf3 f5 53. gxf5 gxf5 54. Rg8 g4+ 55. Kg3 Rc3+ 56. Kf4 Rf3+ 57. Kg5 Kd4 58. Re8
g3 59. Kh4 f4 60. Kh3 Rf2 61. Rd8+ Ke3 62. Re8+ Kf3 0-1

[Event "TCh-CHN 2019"]
[Site "China CHN"]
[Date "2019.04.11"]
[Round "3.1"]
[Board "4"]
[White "Ning, Kaiyu"]
[Black "Huang, Qian"]
[Result "1/2-1/2"]
[WhiteTitle "WIM"]
[BlackTitle "WGM"]
[WhiteElo "2353"]
[BlackElo "2429"]
[WhiteTeam "Shandong Jingzhi team"]
[BlackTeam "Chongqing Jiulongpo Yucai Chess team"]
[WhiteFideId "8614750"]
[BlackFideId "8602689"]
[EventDate "2019.04.09"]

1. d4 d5 2. c4 dxc4 3. Nf3 Nf6 4. e3 a6 5. Bxc4 e6 6. O-O c5 7. Nc3 Nc6 8. dxc5
Qxd1 9. Rxd1 Bxc5 10. a3 b5 11. Bd3 Bb7 12. b4 Be7 13. Bb2 O-O 14. Ne4 Rfd8 15.
Nxf6+ gxf6 16. Rac1 Rac8 17. Kf1 Nb8 18. Ke2 h6 19. Nd2 Rxc1 20. Rxc1 Rc8 21.
Rxc8+ Bxc8 22. g4 Nd7 23. Be4 Nb6 24. Bd4 Nd5 25. Bxd5 exd5 26. f3 f5 27. gxf5
Bxf5 28. Be5 h5 29. Nb3 f6 30. Bc7 Kf7 31. Nd4 Bh3 32. Kd3 Ke8 33. Nb3 Kd7 34.
Bf4 Kc6 35. Na5+ Kd7 36. Kd4 Bg2 37. Kxd5 Bxf3+ 38. Kd4 Bd1 39. Nb7 Kc6 40. Na5+
Kd7 41. Nb7 Kc6 42. Na5+ Kd7 43. Ke4 1/2-1/2

[Event "TCh-CHN 2019"]
[Site "China CHN"]
[Date "2019.04.11"]
[Round "3.1"]
[Board "5"]
[White "Yan, Tianqi"]
[Black "Javakhishvili, Lela"]
[Result "0-1"]
[BlackTitle "IM"]
[WhiteElo "2240"]
[BlackElo "2463"]
[WhiteTeam "Shandong Jingzhi team"]
[BlackTeam "Chongqing Jiulongpo Yucai Chess team"]
[WhiteFideId "8615250"]
[BlackFideId "13601458"]
[EventDate "2019.04.09"]

1. e4 d6 2. d4 Nf6 3. f3 c5 4. Ne2 cxd4 5. Nxd4 e5 6. Nb3 d5 7. Bg5 Be6 8. Bxf6
gxf6 9. exd5 Bxd5 10. Bd3 Qb6 11. N1d2 Nc6 12. c3 Rd8 13. Qe2 a5 14. Nc4 Bxc4
15. Bxc4 a4 16. Nc1 Bh6 17. Bd3 a3 18. Nb3 Ne7 19. Bb5+ Kf8 20. c4 axb2 21. Rb1
Bc1 22. c5 Qa7 23. O-O Nf5 24. Nxc1 Qxc5+ 25. Kh1 bxc1=Q 26. Rfxc1 Qe7 27. Bd3
Nd6 28. Qe1 f5 29. Qa5 Kg7 30. Rc7 Qf6 31. Re1 Rhe8 32. Bb5 Re6 33. Ba4 e4 34.
Bb3 Re5 35. Qc3 Rde8 36. Rc1 Nb5 37. Rxf7+ Qxf7 38. Bxf7 Nxc3 39. Bxe8 e3 40.
Bh5 f4 41. Bg4 Rd5 42. Be6 e2 43. Bxd5 Nd1 44. Rc7+ Kf8 45. h3 e1=Q+ 46. Kh2
Qg3+ 47. Kg1 Ne3 48. Rc8+ Ke7 0-1

[Event "TCh-CHN 2019"]
[Site "China CHN"]
[Date "2019.04.11"]
[Round "3.2"]
[Board "2"]
[White "Cheparinov, Ivan"]
[Black "Zeng, Chongsheng"]
[Result "0-1"]
[WhiteTitle "GM"]
[BlackTitle "GM"]
[WhiteElo "2687"]
[BlackElo "2552"]
[WhiteTeam "Guangdong Shenzhen Longgang Chess team"]
[BlackTeam "Chongqing Sports lottery chess team"]
[WhiteFideId "2905540"]
[BlackFideId "8603847"]
[EventDate "2019.04.09"]

1. e4 c5 2. Nf3 Nc6 3. Bb5 e6 4. Bxc6 bxc6 5. d3 Ne7 6. h4 f6 7. h5 e5 8. Nc3 d5
9. b3 Be6 10. Qe2 Qa5 11. Bd2 Qc7 12. Nh4 c4 13. dxc4 dxc4 14. O-O Nc8 15. Nf5
g6 16. Ne3 Nb6 17. Ng4 Be7 18. Rad1 O-O-O 19. h6 Rd4 20. Be3 Rhd8 21. Bxd4 exd4
22. Na4 Nxa4 23. bxa4 Qf4 24. Nh2 Bb4 25. Rb1 Bc3 26. Rfd1 Qxh6 27. Qf3 Qh4 28.
a5 f5 29. exf5 Bd5 30. Qe2 Qe4 31. Qf1 gxf5 32. a6 Rg8 33. f3 Qxc2 34. Rb7 d3
35. Rdb1 Be5 36. Kh1 Bd4 37. Rb8+ Kd7 38. Rxg8 Bxg8 39. Qe1 Be6 40. Nf1 Qf2 41.
Rb7+ Kd6 0-1

[Event "TCh-CHN 2019"]
[Site "China CHN"]
[Date "2019.04.11"]
[Round "3.2"]
[Board "3"]
[White "Xu, Yinglun"]
[Black "Zhou, Weiqi"]
[Result "1/2-1/2"]
[WhiteTitle "GM"]
[BlackTitle "GM"]
[WhiteElo "2555"]
[BlackElo "2592"]
[WhiteTeam "Guangdong Shenzhen Longgang Chess team"]
[BlackTeam "Chongqing Sports lottery chess team"]
[WhiteFideId "8604940"]
[BlackFideId "8601674"]
[EventDate "2019.04.09"]

1. Nf3 d5 2. d4 a6 3. c4 dxc4 4. e3 b5 5. a4 Bb7 6. axb5 axb5 7. Rxa8 Bxa8 8. b3
e6 9. bxc4 bxc4 10. Bxc4 Nf6 11. O-O Nbd7 12. Nbd2 Be7 13. Bb2 O-O 14. Qa1 c5
15. Rc1 cxd4 16. Bxd4 Bb7 17. Bb5 Bxf3 18. Nxf3 Qa8 19. Qxa8 Rxa8 20. g4 Nf8 21.
h3 Nd5 22. Bc6 Rc8 23. Bb2 Nb4 24. Be4 Rxc1+ 25. Bxc1 Nd7 26. Bd2 Nd5 27. Bxd5
exd5 28. Bc3 f6 29. Kg2 Kf7 30. Nd4 Bc5 1/2-1/2

[Event "TCh-CHN 2019"]
[Site "China CHN"]
[Date "2019.04.11"]
[Round "3.2"]
[Board "4"]
[White "Tan, Zhongyi"]
[Black "Li, Xueyi"]
[Result "1-0"]
[WhiteTitle "GM"]
[BlackTitle "WGM"]
[WhiteElo "2502"]
[BlackElo "2296"]
[WhiteTeam "Chongqing Sports lottery chess team"]
[BlackTeam "Guangdong Shenzhen Longgang Chess team"]
[WhiteFideId "8603642"]
[BlackFideId "8605912"]
[EventDate "2019.04.09"]

1. e4 c6 2. d4 d5 3. e5 Bf5 4. Nf3 e6 5. Be2 Ne7 6. O-O c5 7. dxc5 Nec6 8. a3
Bxc5 9. b4 Bb6 10. Bb2 h6 11. Nbd2 O-O 12. Re1 a6 13. c4 Nd7 14. Qb3 Bc7 15. Bf1
Nb6 16. Rad1 dxc4 17. Nxc4 Qe7 18. Nd6 Bg4 19. h3 Bh5 20. g4 Bg6 21. Nxb7 Nd5
22. Nd6 a5 23. Rxd5 exd5 24. Qxd5 Qd7 25. Bb5 Ne7 26. Qxa8 Qe6 27. Qb7 Qb3 28.
Qxc7 Nd5 29. Qc4 1-0

[Event "TCh-CHN 2019"]
[Site "China CHN"]
[Date "2019.04.11"]
[Round "3.2"]
[Board "5"]
[White "Lei, Tingjie"]
[Black "Guramishvili, Sopiko"]
[Result "1-0"]
[WhiteTitle "GM"]
[BlackTitle "IM"]
[WhiteElo "2483"]
[BlackElo "2381"]
[WhiteTeam "Chongqing Sports lottery chess team"]
[BlackTeam "Guangdong Shenzhen Longgang Chess team"]
[WhiteFideId "8605114"]
[BlackFideId "13602888"]
[EventDate "2019.04.09"]

1. e4 c5 2. Nf3 d6 3. d4 cxd4 4. Nxd4 Nf6 5. Nc3 a6 6. Be3 e5 7. Nb3 Be7 8. f3
Be6 9. Qd2 O-O 10. O-O-O a5 11. Qe1 Qc8 12. a3 a4 13. Nd2 Na6 14. g4 d5 15. g5
d4 16. gxf6 Bxf6 17. Nd5 Bxd5 18. exd5 dxe3 19. Ne4 Bd8 20. Qxe3 Qd7 21. Rg1 Kh8
22. Bd3 b5 23. Rxg7 Kxg7 24. Rg1+ Kh8 25. Qh6 Rg8 26. Rxg8+ Kxg8 27. Nf6+ Bxf6
28. Bxh7+ Kh8 29. Bf5+ 1-0

[Event "TCh-CHN 2019"]
[Site "China CHN"]
[Date "2019.04.11"]
[Round "3.3"]
[Board "2"]
[White "Chen, Qi b"]
[Black "Ma, Qun"]
[Result "0-1"]
[WhiteTitle "IM"]
[BlackTitle "GM"]
[WhiteElo "2445"]
[BlackElo "2627"]
[WhiteTeam "Jiangsu team"]
[BlackTeam "Hangzhou Bank Team"]
[WhiteFideId "8614733"]
[BlackFideId "8603154"]
[EventDate "2019.04.09"]

1. e4 e5 2. Nf3 Nc6 3. Bb5 Nf6 4. O-O Nxe4 5. Re1 Nd6 6. Nxe5 Be7 7. Bf1 Nf5 8.
Nf3 O-O 9. d4 d5 10. c3 Bd6 11. Bd3 f6 12. Nbd2 Nce7 13. Nf1 g6 14. Ng3 c6 15.
Bd2 Nxg3 16. hxg3 Bf5 17. Qc2 Qd7 18. Bxf5 Nxf5 19. Re2 Rae8 20. Rae1 Rxe2 21.
Rxe2 g5 22. Qd3 Bc7 23. Be1 Kg7 24. Nd2 h5 25. Nf1 Nd6 26. b3 b5 27. Qe3 Kf7 28.
Qd3 Qf5 29. Qxf5 Nxf5 30. Bd2 g4 31. Ne3 Ne7 32. Re1 a5 33. Kf1 Ra8 34. Rc1 a4
35. c4 axb3 36. axb3 Bd6 37. cxb5 cxb5 38. Ke2 Ra2 39. Rc2 Ra3 40. Rb2 Ra1 41.
Nc2 Rg1 42. Ne1 Nf5 43. Kd3 Nxd4 44. Rb1 Be5 45. Bc3 Nf5 46. Bd2 Nd4 47. Bc3 Ne6
48. Bd2 Nc5+ 49. Ke2 Ne4 50. Rc1 h4 0-1

[Event "TCh-CHN 2019"]
[Site "China CHN"]
[Date "2019.04.11"]
[Round "3.3"]
[Board "4"]
[White "Gu, Tianlu"]
[Black "Guo, Qi"]
[Result "1/2-1/2"]
[WhiteTitle "WIM"]
[BlackTitle "IM"]
[WhiteElo "2261"]
[BlackElo "2406"]
[WhiteTeam "Hangzhou Bank Team"]
[BlackTeam "Jiangsu team"]
[WhiteFideId "8603995"]
[BlackFideId "8604002"]
[EventDate "2019.04.09"]

1. e4 e6 2. d4 d5 3. Nd2 Be7 4. Bd3 c5 5. dxc5 Nf6 6. exd5 Qxd5 7. Ngf3 Qxc5 8.
O-O O-O 9. a3 Qc7 10. c4 Nbd7 11. Qe2 b6 12. b3 Bb7 13. Bb2 Rad8 14. Rad1 Qc6
15. Rfe1 Rfe8 16. Qf1 Qc8 17. Qe2 Qa8 18. b4 Nf8 19. Ne4 Ng6 20. Nxf6+ Bxf6 21.
Bxf6 gxf6 22. Bxg6 hxg6 23. Rxd8 Rxd8 24. Rd1 Rc8 25. Ne1 Qb8 26. Rd7 Bc6 27.
Rd2 Kg7 28. Nc2 Qc7 29. Ne3 Qe5 30. Qd3 f5 31. Qd4 Qxd4 32. Rxd4 Kf6 33. f4 Ke7
34. Kf2 f6 35. g3 e5 36. fxe5 fxe5 37. Rh4 a5 38. Rh7+ Ke6 39. Ra7 axb4 40. axb4
f4 41. gxf4 exf4 42. Nf1 b5 43. Ra6 Kf5 44. cxb5 Bd5 45. Rd6 Rc2+ 46. Ke1 Ke5
47. Rxg6 f3 48. Rg5+ Ke6 49. b6 Bb3 50. Nd2 f2+ 51. Kxf2 Rxd2+ 52. Ke3 Rxh2 53.
b7 Rh8 54. Kd4 Kd6 55. Rb5 Rb8 56. Rb6+ Kc7 57. Kc5 Bd5 58. Rg6 Rd8 59. b8=Q+
Kxb8 60. Rd6 Rxd6 61. Kxd6 1/2-1/2

[Event "TCh-CHN 2019"]
[Site "China CHN"]
[Date "2019.04.11"]
[Round "3.3"]
[Board "5"]
[White "Khademalsharieh, Sarasadat"]
[Black "Yuan, Ye"]
[Result "1/2-1/2"]
[WhiteTitle "IM"]
[WhiteElo "2487"]
[BlackElo "2081"]
[WhiteTeam "Hangzhou Bank Team"]
[BlackTeam "Jiangsu team"]
[WhiteFideId "12512214"]
[BlackFideId "8608415"]
[EventDate "2019.04.09"]

1. Nf3 d5 2. c4 c6 3. e3 Nf6 4. Nc3 e6 5. b3 Bd6 6. d4 Nbd7 7. Bb2 b6 8. Bd3 Bb7
9. O-O O-O 10. Qe2 c5 11. cxd5 exd5 12. Rfd1 a6 13. Rac1 Qe7 14. Bf5 cxd4 15.
Nxd4 Nc5 16. Na4 Nxa4 17. bxa4 Qe5 18. g3 Rfd8 19. Bh3 Qe8 20. Qc2 Bc8 21. Bxc8
Rdxc8 22. Qb3 Be5 23. Nf5 Qe6 24. Bxe5 Qxe5 25. Nd4 Qd6 26. Rxc8+ Rxc8 27. Rb1
Rb8 28. Rc1 Qd7 29. Rc6 h5 30. a5 b5 31. Qc2 Ra8 32. Qf5 Qxf5 33. Nxf5 Kf8 34.
Rd6 Ne4 35. Rxd5 g6 36. Nh4 Rc8 37. Rd4 Rc1+ 38. Kg2 Nc5 39. Nf3 Ke7 40. Ne5 Ke6
41. Nc6 Rc2 42. Nb4 Ke5 1/2-1/2

[Event "TCh-CHN 2019"]
[Site "China CHN"]
[Date "2019.04.11"]
[Round "3.4"]
[Board "1"]
[White "Fedoseev, Vladimir3"]
[Black "Wang, Yue"]
[Result "0-1"]
[WhiteTitle "GM"]
[BlackTitle "GM"]
[WhiteElo "2677"]
[BlackElo "2674"]
[WhiteTeam "Chengdu Beilei Youth Chess Club"]
[BlackTeam "Zhihui Sports chess team of Tianjin"]
[WhiteFideId "24130737"]
[BlackFideId "8601429"]
[EventDate "2019.04.09"]

1. e4 e5 2. Nf3 Nc6 3. Bc4 Bc5 4. d3 Nf6 5. c3 O-O 6. Nbd2 a5 7. Nb3 Be7 8. a4
d5 9. exd5 Nxd5 10. O-O Bg4 11. h3 Bh5 12. Re1 Re8 13. Nbd2 Nb6 14. Bb5 f6 15.
Ne4 Bf7 16. d4 exd4 17. Nxd4 Bd5 18. Bf4 Bf8 19. Nxc6 bxc6 20. Bd3 f5 21. Ng3
Rxe1+ 22. Qxe1 g6 23. Bc2 Bd6 24. Ne2 Qe7 25. Bxd6 cxd6 26. Nf4 Qxe1+ 27. Rxe1
Kf7 28. b3 Kf6 29. Rd1 Ke7 30. Re1+ Kd7 31. Re3 Bf7 32. g4 fxg4 33. hxg4 Rf8 34.
Nh3 Bg8 35. f4 Nd5 36. Rf3 Re8 37. Kf2 Nf6 38. Kg3 Bd5 39. Rf2 Re3+ 40. Kh4 Rxc3
41. f5 Be4 42. Bxe4 Nxe4 43. Rf4 gxf5 44. Rxf5 d5 45. Nf4 Kd6 46. Rh5 Rxb3 47.
Rxh7 Rb1 48. Rh6+ Ke5 49. Ng6+ Kd4 50. g5 c5 51. Nf4 c4 52. Rc6 c3 53. g6 Rh1+
54. Kg4 Rg1+ 55. Kf5 Rg5+ 56. Ke6 Rg4 57. Kf5 Rg5+ 58. Ke6 Ng3 59. Rc7 Ke4 60.
Nxd5 Rxg6+ 61. Kf7 Kxd5 62. Kxg6 Ne4 63. Rh7 c2 64. Rh1 Kc4 65. Kf7 Nf2 0-1

[Event "TCh-CHN 2019"]
[Site "China CHN"]
[Date "2019.04.11"]
[Round "3.4"]
[Board "2"]
[White "Xu, Xiangyu"]
[Black "Li, Yankai"]
[Result "1-0"]
[WhiteTitle "GM"]
[BlackTitle "IM"]
[WhiteElo "2582"]
[BlackElo "2432"]
[WhiteTeam "Chengdu Beilei Youth Chess Club"]
[BlackTeam "Zhihui Sports chess team of Tianjin"]
[WhiteFideId "8608288"]
[BlackFideId "8609357"]
[EventDate "2019.04.09"]

1. e4 e5 2. Nf3 Nf6 3. Nxe5 d6 4. Nf3 Nxe4 5. Qe2 Qe7 6. d3 Nf6 7. Bg5 Qxe2+ 8.
Bxe2 Be7 9. Nc3 c6 10. O-O-O Na6 11. Rde1 Nc7 12. Bd1 Ne6 13. Bd2 Bd7 14. Nh4
O-O-O 15. Nf5 Bf8 16. g4 d5 17. Ng3 d4 18. Nce4 Nxe4 19. Nxe4 f6 20. h4 Nc5 21.
Ng3 g6 22. Bf4 Ne6 23. Bd2 Nc5 24. a3 Bd6 25. h5 Rde8 26. hxg6 hxg6 27. Rxe8+
Rxe8 28. Rh7 Re7 29. Rh6 Rg7 30. Bf3 Kc7 31. Kd1 b6 32. Ke1 a5 33. Ne2 Ne6 34.
Be4 Nf8 35. Bf3 Ne6 36. Kf1 Be8 37. Be4 c5 38. f4 Nf8 39. f5 gxf5 40. Bxf5 Ng6
41. Kf2 Ne5 42. Nf4 Nxg4+ 43. Bxg4 Rxg4 44. Nd5+ Kd8 45. Rxf6 Bg3+ 46. Kf3 Rg8
47. Nxb6 a4 48. Ke4 Bc7 49. Kd5 Rg2 50. Bf4 Bxf4 51. Rxf4 Rxc2 52. Nc4 Bb5 53.
Kxc5 Bxc4 54. Rxd4+ Bd5+ 55. Kxd5 Rxb2 56. Rxa4 Kc7 57. Rc4+ Kd7 58. a4 Rh2 59.
Rc5 Ra2 60. Rc4 Rh2 61. Kc5 Kc7 62. Kb5+ Kb7 63. Rc5 Rb2+ 64. Kc4 Rc2+ 65. Kd5
Ra2 66. Rc4 Rh2 67. Re4 Rh8 68. Kc5 Rh5+ 69. Kc4 Rh1 70. Kb4 Rh8 71. d4 Kc6 72.
Re5 Rh1 73. Rc5+ Kd6 74. Ka5 Rd1 75. Rc4 Rb1 76. Rb4 Rh1 77. Kb6 Rh8 78. Rb5 Kd7
79. Kb7 Kd6 80. a5 Rh7+ 81. Kb6 Rh8 82. a6 Rb8+ 83. Ka5 Ra8 84. d5 Kc7 85. Rb7+
Kd6 86. Kb6 Rh8 87. a7 Kxd5 1-0

[Event "TCh-CHN 2019"]
[Site "China CHN"]
[Date "2019.04.11"]
[Round "3.4"]
[Board "3"]
[White "Li, Di"]
[Black "Malakhov, Vladimir"]
[Result "1-0"]
[WhiteTitle "GM"]
[BlackTitle "GM"]
[WhiteElo "2543"]
[BlackElo "2668"]
[WhiteTeam "Chengdu Beilei Youth Chess Club"]
[BlackTeam "Zhihui Sports chess team of Tianjin"]
[WhiteFideId "8607508"]
[BlackFideId "4120787"]
[EventDate "2019.04.09"]

1. d4 d5 2. c4 c6 3. Nf3 Nf6 4. Qb3 e6 5. g3 Be7 6. Bg2 O-O 7. O-O b6 8. Nc3 Ba6
9. cxd5 cxd5 10. Bf4 Nc6 11. Qa4 Bb7 12. Rfc1 a6 13. Ne5 b5 14. Qd1 Nxe5 15.
dxe5 Nd7 16. e4 b4 17. Nxd5 exd5 18. exd5 g5 19. Qg4 Bxd5 20. Bxd5 Nxe5 21. Bxe5
Qxd5 22. Re1 f6 23. Rad1 Qxa2 24. Rd7 Rae8 25. Bd4 Bd8 26. Qxg5+ fxg5 27. Rg7+
Kh8 28. Rg6+ 1-0